[Event "POL-chT2"]
[Site "Jastrzebia Gora POL"]
[Date "2016.09.??"]
[Round "4.17"]
[White "Sliwerski, Radoslaw"]
[Black "Polkowski, Piotr"]
[Result "1-0"]
[WhiteElo "2135"]
[BlackElo "2130"]
[EventDate "2016.09.05"]

1.d4 d5 2.c4 e6 3.Nc3 Nf6 4.cxd5 exd5 5.Bg5 c6 6.Qc2 Be7 7.e3 Nbd7 8.Bd3 
h6 9.Bh4 O-O 10.Nge2 Re8 11.O-O a6 12.a4 a5 13.f3 Nf8 14.Kh1 Ne6 15.Rad1 
Qb6 16.Bf5 Ng4 17.fxg4 Bxh4 18.Bh7+ Kf8 19.e4 Qd8 20.e5 Qb6 21.g3 Bd8 22.
Bg6 Re7 23.Rf2 Kg8 24.Bh7+ Kh8 25.h4 Nf8 26.Bf5 g6 27.Bxc8 Rxc8 28.Nxd5 
cxd5 29.Qxc8 Ne6 30.Qc3 Rc7 31.Qd2 Kg7 32.Nc3 Rc4 33.Rdf1 Rc7 34.Nb5 Rd7 
35.Nd6 f6 36.Ne8+ 1-0

[Event "POL-chT2"]
[Site "Jastrzebia Gora POL"]
[Date "2016.09.??"]
[Round "4.18"]
[White "Toma, Katarzyna"]
[Black "Bartel, Marta"]
[Result "1-0"]
[WhiteElo "2259"]
[BlackElo "2330"]
[EventDate "2016.09.05"]

1.e4 d6 2.d4 Nf6 3.Bd3 e5 4.c3 Nc6 5.d5 Ne7 6.Ne2 g6 7.O-O Bg7 8.Nd2 O-O 
9.Nc4 Nd7 10.f4 exf4 11.Bxf4 Ne5 12.Nd4 c6 13.dxc6 N7xc6 14.Nxc6 bxc6 15.
Be2 Ba6 16.Ne3 Bxe2 17.Qxe2 Qe7 18.Rad1 Rad8 19.h3 Rfe8 20.Qf2 Qe6 21.b3 
a5 22.Rd4 Rd7 23.Rfd1 Ra8 24.Qd2 Rad8 25.c4 c5 26.Rd5 Nc6 27.Nc2 Nd4 28.
Nxd4 cxd4 29.Rxa5 Qxe4 30.Re1 Qc6 31.Rd5 Ra8 32.a4 h5 33.Bh6 Be5 34.Kh1 
Kh7 35.Bf4 Bg7 36.Qd3 Kg8 37.Qe4 Rc8 38.a5 Rdd8 39.Qb1 Ra8 40.Re7 Bf6 41.
Re1 Bg7 42.Qd3 Rab8 43.Qg3 Re8 44.Rxd6 Qc5 45.Rd5 Qb4 46.Rf1 Rb7 47.a6 Ra7
48.Qf3 Rxa6 49.Be5 Qe7 50.Bxg7 Kxg7 51.Rxd4 Ra7 52.Rf4 Kg8 53.b4 Rea8 54.
c5 Ra1 55.Qd5 Rxf1+ 56.Rxf1 Rd8 57.Qc4 Kg7 58.c6 Qc7 59.b5 f6 60.Qf4 Rd6 
61.Qb4 Rd8 62.b6 1-0

[Event "POL-chT2"]
[Site "Jastrzebia Gora POL"]
[Date "2016.09.??"]
[Round "4.19"]
[White "Kolago, Marcin"]
[Black "Szwed, Jacek"]
[Result "1/2-1/2"]
[WhiteElo "2328"]
[BlackElo "2330"]
[EventDate "2016.09.05"]

1.e4 e6 2.d3 c5 3.g3 Nc6 4.Bg2 g6 5.Be3 d6 6.Nc3 Bg7 7.Qd2 Rb8 8.a4 a6 9.
Nf3 Nd4 10.O-O Ne7 11.Bh6 O-O 12.Nd1 Nec6 13.Bxg7 Kxg7 14.Nh4 g5 15.Nf3 
Nxf3+ 16.Bxf3 f5 17.exf5 Nd4 18.Bg2 Rxf5 19.f4 gxf4 20.Rxf4 Rxf4 21.gxf4 
Qh4 22.Ne3 Bd7 23.Rf1 Qh5 24.Kh1 b6 25.c3 Nf5 26.Nxf5+ Qxf5 27.Be4 Qf6 28.
Qg2+ Kh8 29.Qh3 Qf7 30.Qh4 d5 31.Bf3 Rf8 32.a5 bxa5 33.Qf2 Qe7 34.Qe3 Qd6 
35.Bg2 d4 36.cxd4 Qxd4 37.Qxd4+ cxd4 38.Be4 e5 39.f5 Kg7 40.f6+ Rxf6 41.
Rxf6 Kxf6 42.Bxh7 Bf5 43.Bxf5 Kxf5 44.Kg2 e4 45.dxe4+ Kxe4 46.h4 Kd3 47.h5
Kc2 48.h6 d3 49.h7 d2 50.h8=Q d1=Q 51.Qc3+ Kb1 52.Qxa5 Qe2+ 53.Kg1 Qg4+ 
54.Kf2 Qd4+ 55.Ke2 Qc4+ 56.Kd2 Kxb2 57.Qe5+ Kb3 58.Qe3+ Kb2 59.Qe5+ Kb3 
60.Qe3+ Kb4 61.Qe7+ Ka4 62.Qe8+ Ka3 63.Qe3+ Ka2 64.Qc3 Qd5+ 65.Kc2 Qb5 66.
Kc1 Qg5+ 67.Kc2 Qf5+ 68.Kc1 Qb1+ 69.Kd2 Qb2+ 70.Kd3 Qb5+ 71.Kd4 a5 72.Qc2+
Qb2+ 73.Kd3 Ka3 74.Qc5+ Qb4 75.Qc1+ Kb3 76.Qc2+ Ka3 77.Qc1+ Ka4 78.Qc6+ 
Ka3 79.Qc1+ Qb2 80.Qc5+ Ka4 81.Qc6+ Ka3 82.Qc5+ Qb4 83.Qc1+ Ka2 84.Qc2+ 
Ka1 85.Qc1+ Ka2 86.Qc2+ Qb2 87.Qa4+ Qa3+ 88.Qxa3+ Kxa3 89.Kc2 1/2-1/2

[Event "POL-chT2"]
[Site "Jastrzebia Gora POL"]
[Date "2016.09.??"]
[Round "4.20"]
[White "Lach, Piotr"]
[Black "Wiewiora, Eneasz"]
[Result "1/2-1/2"]
[WhiteElo "2128"]
[BlackElo "2253"]
[EventDate "2016.09.05"]

1.e4 e5 2.Nf3 Nc6 3.Bc4 Nf6 4.d3 Be7 5.O-O O-O 6.Re1 d6 7.a4 Re8 8.a5 a6 
9.c3 h6 10.Qb3 Rf8 11.Nh4 Nxe4 12.Ng6 Nf6 13.Bd5 Nxd5 14.Nxf8 Nxc3 15.bxc3
Bxf8 16.Nd2 Rb8 17.Nc4 Be6 18.Qa4 Qf6 19.Ne3 Qg6 20.d4 exd4 21.cxd4 Ne7 
22.Qc2 Qxc2 23.Nxc2 g6 24.Be3 Bg7 25.Nb4 c5 26.dxc5 Bxa1 27.Rxa1 dxc5 28.
Bxc5 Nf5 29.Nd3 Rc8 30.Bb6 Bd5 31.Nc5 Bc6 32.Rd1 Ne7 33.Rd8+ Rxd8 34.Bxd8 
Kf8 35.Bc7 Nf5 36.f3 Ke7 37.Kf2 g5 38.Ke2 f6 39.Kf2 h5 40.Ne4 h4 41.Nc5 
Nd4 42.h3 Nb5 43.Bh2 Nd6 44.f4 Nc4 45.fxg5 fxg5 46.Bc7 Nd6 47.g3 Nf5 48.
gxh4 gxh4 49.Nd3 Be4 50.Ne5 Ke6 51.Nf3 Kd7 52.Be5 Kc6 53.Bf6 Kb5 54.Bd8 
Bd5 55.Ke2 Be6 56.Kd2 Bd7 57.Kc3 Nd6 58.Nxh4 Nc4 59.Nf3 Nxa5 60.h4 Bg4 61.
Ne5 Bh5 62.Nd7 Nc6 63.Bg5 Nb4 64.Nf6 Bf7 65.h5 Nd5+ 66.Nxd5 Bxd5 67.h6 Bg8
68.Be7 Ka4 69.Bd6 b6 70.Be7 b5 71.Bd6 Bh7 72.Be7 a5 73.Bd6 Bg8 74.Be7 b4+ 
75.Kb2 Kb5 76.Bf8 Ka6 77.h7 Bxh7 78.Be7 Bg8 79.Bf8 Kb6 80.Be7 Kc7 81.Bf8 
Kd7 82.Bc5 Kc6 83.Bf8 Kb5 84.Be7 Kc4 85.Bf8 a4 86.Bxb4 Kxb4 87.Ka1 Kb3 
1/2-1/2

[Event "POL-chT2"]
[Site "Jastrzebia Gora POL"]
[Date "2016.09.??"]
[Round "4.21"]
[White "Mulet, Piotr"]
[Black "Watorek, Marcin"]
[Result "1/2-1/2"]
[WhiteElo "2234"]
[BlackElo "2130"]
[EventDate "2016.09.05"]

1.e4 c5 2.c3 e6 3.d4 d5 4.exd5 exd5 5.Nf3 Nc6 6.Bd3 Bd6 7.O-O Nge7 8.dxc5 
Bxc5 9.Nbd2 O-O 10.Nb3 Bb6 11.Qc2 h6 12.h3 Be6 13.Bf4 Qd7 14.Rad1 Rac8 15.
Qd2 Ng6 16.Bg3 Rcd8 17.Nbd4 Nxd4 18.Nxd4 Bxd4 19.cxd4 Bf5 20.Be2 Rc8 21.
Rc1 Rfe8 22.b3 Ne7 23.Rc5 Nc6 24.Bb5 a6 25.Bxc6 Rxc6 26.Rfc1 Rec8 27.Rxc6 
Rxc6 28.Rxc6 Qxc6 29.Qf4 Be4 30.f3 Bd3 31.Qb8+ Kh7 32.Qc7 Qxc7 33.Bxc7 Kg6
34.Kf2 h5 35.h4 Kf5 36.Ke3 Bf1 37.Kf2 Bd3 38.Ke3 Bf1 39.Kf2 Bd3 40.Ke3 Bf1
41.Kf2 1/2-1/2

[Event "POL-chT2"]
[Site "Jastrzebia Gora POL"]
[Date "2016.09.??"]
[Round "4.23"]
[White "Sapeta, Robert"]
[Black "Stanach, Fabian"]
[Result "0-1"]
[WhiteElo "2082"]
[BlackElo "2058"]
[EventDate "2016.09.05"]

1.e4 c5 2.Nf3 d6 3.d4 cxd4 4.Nxd4 Nf6 5.Nc3 a6 6.Bg5 e6 7.Qd2 Be7 8.Be2 
Nbd7 9.f3 Qc7 10.O-O-O b5 11.g4 Bb7 12.Be3 Nb6 13.Bf2 Rc8 14.Ndxb5 axb5 
15.Nxb5 Qd8 16.Qa5 Nbd7 17.Qa7 Nxe4 18.fxe4 Bxe4 19.Bd3 Bxh1 20.Rxh1 O-O 
21.Kb1 Nc5 22.Bxc5 Rxc5 23.b4 Rc8 24.Qe3 d5 25.c3 Bf6 26.h4 Kh8 27.Bc2 d4 
28.Qd3 g6 29.g5 Bg7 30.c4 Qe7 31.c5 Qb7 32.Rf1 Rb8 33.a4 Qd5 34.Kb2 f6 35.
gxf6 Rxf6 36.Rxf6 Bxf6 37.Ka3 Rf8 38.Bb3 Qf5 39.Qxf5 exf5 40.Bd5 d3 41.a5 
d2 42.Bb3 Re8 43.a6 Re3 44.a7 Rxb3+ 45.Ka4 d1=Q 46.a8=Q+ Kg7 47.Qb7+ Kh6 
48.Nd6 Rd3+ 49.Kb5 Rxd6 50.cxd6 Qxd6 0-1

[Event "POL-chT2"]
[Site "Jastrzebia Gora POL"]
[Date "2016.09.??"]
[Round "4.24"]
[White "Chrzaszcz, Malvina"]
[Black "Mareckova, Martina"]
[Result "0-1"]
[WhiteElo "2039"]
[BlackElo "2137"]
[EventDate "2016.09.05"]

1.e4 e5 2.Nf3 Nc6 3.Bb5 a6 4.Ba4 d6 5.O-O Bd7 6.c3 g6 7.Re1 Bg7 8.d4 Nge7 
9.Be3 O-O 10.Nbd2 Qe8 11.Bb3 Kh8 12.dxe5 dxe5 13.Qe2 Na5 14.Bc2 Bb5 15.Bd3
Rd8 16.Bxb5 Qxb5 17.Qxb5 axb5 18.a4 bxa4 19.Rxa4 b6 20.b4 Nac6 21.b5 Na5 
22.Nc4 Nxc4 23.Rxc4 Rd7 24.Ra1 Nc8 25.h3 Nd6 26.Rd1 Rfd8 27.Rc6 Kg8 28.Ra1
Nxb5 29.Bg5 Rd1+ 30.Kh2 Rxa1 31.Bxd8 Ra8 32.Be7 Rc8 33.Nd2 Na7 34.Rc4 f6 
35.Ra4 Nb5 36.c4 Nd4 37.c5 b5 38.Ra1 Kf7 39.Bd6 cxd6 40.Ra7+ Kg8 41.cxd6 
Rd8 42.d7 Bf8 43.Nb1 Bb4 44.Rc7 Kf7 45.Rc6 0-1

[Event "POL-chT2"]
[Site "Jastrzebia Gora POL"]
[Date "2016.09.??"]
[Round "4.25"]
[White "Ponizil, Cyril"]
[Black "Simacek, Pavel"]
[Result "1-0"]
[WhiteElo "2462"]
[BlackElo "2448"]
[EventDate "2016.09.05"]

1.Nf3 c5 2.c4 Nc6 3.d4 cxd4 4.Nxd4 f5 5.Nc3 e6 6.Bf4 Nf6 7.Ndb5 Kf7 8.e3 
a6 9.Bc7 Qe8 10.Nd6+ Bxd6 11.Bxd6 Qd8 12.Be2 b6 13.O-O Bb7 14.f3 Rc8 15.e4
Re8 16.Qd2 Na5 17.b3 Bc6 18.exf5 exf5 19.c5 b5 20.Bd3 g6 21.b4 Nb7 22.Bf4 
d6 23.cxd6 Nh5 24.Rad1 Qh4 25.g3 Qf6 26.Bc2 Nxf4 27.Qxf4 Red8 28.Bb3+ Kg7 
29.d7 Rxd7 30.Rxd7+ Bxd7 31.Nd5 Qd6 32.Qd4+ Kh6 33.Re1 f4 34.Re7 Rg8 35.
Qf6 1-0

[Event "POL-chT2"]
[Site "Jastrzebia Gora POL"]
[Date "2016.09.??"]
[Round "4.26"]
[White "Sieciechowicz, Marcin"]
[Black "Piesik, Piotr"]
[Result "1-0"]
[WhiteElo "2457"]
[BlackElo "2278"]
[EventDate "2016.09.05"]

1.d4 Nf6 2.c4 g6 3.Nc3 Bg7 4.e4 d6 5.f4 O-O 6.Nf3 c5 7.dxc5 Qa5 8.Bd3 Qxc5
9.Qe2 Nc6 10.Be3 Qa5 11.O-O Bg4 12.Rac1 e5 13.Qf2 exf4 14.Bxf4 Bxf3 15.
gxf3 Nh5 16.Be3 Rae8 17.Kh1 Ne5 18.Be2 f5 19.Qh4 f4 20.Bg1 Nc6 21.Rfd1 Re5
22.Qe1 Rd8 23.Nd5 Qxe1 24.Rxe1 Ree8 25.b3 Nd4 26.Rcd1 Nxe2 27.Rxe2 b6 28.
Bd4 Rd7 29.Red2 Be5 30.Nb4 Rf7 31.Bxe5 dxe5 32.Rd8 Rxd8 33.Rxd8+ Kg7 34.
Nc6 Nf6 35.Nxe5 Rc7 36.Nd3 g5 37.Nb4 Nd7 38.Nd5 Rb7 39.Ne7 Nc5 40.Nf5+ Kf6
41.Rd6+ Ke5 42.Rd5+ Kf6 43.Nd4 Nd3 44.Rf5+ Kg6 45.Nc6 Ne1 46.Ne5+ Kh6 47.
Kg1 Re7 48.Kf1 Nc2 49.Ng4+ Kg6 50.Rf6+ Kg7 51.Rd6 Nb4 52.Nh6 Rc7 53.Nf5+ 
Kg8 54.e5 Rc5 55.e6 Na6 56.Rd8# 1-0

[Event "POL-chT2"]
[Site "Jastrzebia Gora POL"]
[Date "2016.09.??"]
[Round "4.27"]
[White "Flis, Jacek"]
[Black "Sabuk, Piotr"]
[Result "0-1"]
[WhiteElo "2262"]
[BlackElo "2333"]
[EventDate "2016.09.05"]

1.e4 e5 2.Nf3 Nc6 3.Bc4 Bc5 4.c3 Nf6 5.d3 d6 6.O-O O-O 7.Bb3 a5 8.Re1 Re8 
9.Nbd2 Be6 10.Ba4 Bd7 11.Nf1 h6 12.a3 Qb8 13.Ng3 b5 14.Bc2 Qb6 15.Rf1 a4 
16.h3 Rad8 17.Nh4 Ne7 18.Qf3 d5 19.b4 axb3 20.Bxb3 Be6 21.Rb1 Qc6 22.Re1 
Kh7 23.exd5 Bxd5 24.Ne4 Nxe4 25.dxe4 Bxb3 26.Rxb3 Qe6 27.Rxb5 Qc4 28.Rb1 
Rd3 29.Qe2 Rxc3 30.Qxc4 Rxc4 31.Be3 Bxa3 32.Bd2 Rd8 33.Nf3 Nc6 34.Rb3 Bc5 
35.Be3 Bb4 36.Reb1 Rxe4 37.Rc1 Na5 38.Rbb1 Bd6 39.Nd2 Ra4 40.Ra1 Rxa1 41.
Rxa1 Bb4 42.Ra2 f5 43.g3 Kg6 44.Rc2 c5 45.Nf3 Rd5 46.Kf1 Kf6 47.h4 Ke6 48.
Ng1 Rd1+ 49.Kg2 Kd5 50.Ne2 Nb3 51.Nc3+ Bxc3 52.Rxc3 c4 53.Rc2 Ra1 54.Rc3 
h5 55.Rc2 g6 56.Rc3 Nd4 57.Bh6 Nb5 58.Rc2 c3 59.Bg7 Ra7 60.Bf6 Ra6 61.Bg7 
Rc6 0-1

[Event "POL-chT2"]
[Site "Jastrzebia Gora POL"]
[Date "2016.09.??"]
[Round "4.28"]
[White "Dlugosz, Jedrzej"]
[Black "Paszewski, Mateusz"]
[Result "1-0"]
[WhiteElo "2363"]
[BlackElo "2293"]
[EventDate "2016.09.05"]

1.e4 c5 2.Nf3 Nc6 3.d4 cxd4 4.Nxd4 Nf6 5.Nc3 d6 6.Bc4 Bd7 7.Bb3 g6 8.f3 
Bg7 9.Be3 O-O 10.Qd2 Na5 11.h4 Rc8 12.Bh6 Bxh6 13.Qxh6 e5 14.Nde2 Qe7 15.
h5 Nxb3 16.axb3 b5 17.O-O-O b4 18.Nd5 Nxd5 19.Rxd5 Rc6 20.Kb1 Rfc8 21.hxg6
fxg6 22.Rd2 a5 23.f4 Ra8 24.f5 gxf5 25.Ng3 f4 26.Nf5 Bxf5 27.exf5 Rf8 28.
g4 Rf6 29.Qh3 Qd7 30.Qf3 Rc7 31.Qd5+ Qf7 32.Qxa5 Qe7 33.Rdh2 Rf7 34.Rh6 
Qg5 35.Rxd6 Rce7 36.Rd8+ Rf8 37.Rxf8+ Kxf8 38.Qd8+ Kg7 39.Rh5 Qf6 40.g5 
Qf8 1-0

[Event "POL-chT2"]
[Site "Jastrzebia Gora POL"]
[Date "2016.09.??"]
[Round "4.29"]
[White "Tomaszewski, Roman"]
[Black "Kanicki, Krzysztof"]
[Result "1-0"]
[WhiteElo "2315"]
[BlackElo "2172"]
[EventDate "2016.09.05"]

1.f4 d5 2.Nf3 Nf6 3.d4 Bf5 4.e3 e6 5.c3 c6 6.Be2 Nbd7 7.O-O Be7 8.Bd2 Ne4 
9.Be1 h6 10.Nbd2 g5 11.Ne5 Nxe5 12.fxe5 O-O 13.Nxe4 Bxe4 14.Bd3 Bg6 15.Bg3
Kg7 16.Qe2 Qd7 17.Rf2 c5 18.Raf1 Rac8 19.Kh1 a6 20.Bb1 Qb5 21.Qd1 Qc6 22.
h4 gxh4 23.Qg4 Bg5 24.Bxh4 Bxb1 25.Bxg5 Bg6 26.Be7 Rfe8 27.Rxf7+ 1-0

[Event "POL-chT2"]
[Site "Jastrzebia Gora POL"]
[Date "2016.09.??"]
[Round "4.30"]
[White "Poznanska, Katarzyna"]
[Black "Lach, Aleksandra"]
[Result "0-1"]
[WhiteElo "2106"]
[BlackElo "2163"]
[EventDate "2016.09.05"]

1.e4 e6 2.d4 d5 3.Nd2 Nf6 4.e5 Nfd7 5.Bd3 c5 6.c3 Nc6 7.Ne2 cxd4 8.cxd4 f6
9.exf6 Nxf6 10.Nf3 Bd6 11.O-O O-O 12.Bf4 Bxf4 13.Nxf4 Ng4 14.Qd2 Qf6 15.
Nh5 Qh6 16.Qxh6 Nxh6 17.Rfd1 g6 18.Ng3 a6 19.Rac1 Bd7 20.Re1 Rxf3 21.gxf3 
Nxd4 22.Kg2 Rf8 23.Re3 Bc6 24.Ne2 Nhf5 25.Bxf5 Nxf5 26.Rxe6 Nh4+ 27.Kg3 
Nf5+ 28.Kg2 d4 29.Rd1 Bxf3+ 30.Kxf3 Ne3+ 31.Kg3 Nxd1 32.Nxd4 Rxf2 33.Re7 
Rf7 34.Re2 Rd7 35.Ne6 Re7 36.Kf4 Nxb2 37.Rxb2 Rxe6 38.Rxb7 Re2 39.h4 Rxa2 
40.Ra7 Rf2+ 41.Kg4 Ra2 42.Kg5 Ra5+ 43.Kg4 h5+ 44.Kf4 Rf5+ 45.Kg3 Rf6 46.
Rd7 Kf8 47.Rd5 Ke7 48.Ra5 Kd7 49.Ra3 Kc7 50.Rc3+ Kb6 0-1

[Event "POL-chT2"]
[Site "Jastrzebia Gora POL"]
[Date "2016.09.??"]
[Round "5.1"]
[White "Simacek, Pavel"]
[Black "Pakleza, Zbigniew"]
[Result "1/2-1/2"]
[WhiteElo "2448"]
[BlackElo "2520"]
[EventDate "2016.09.05"]

1.e4 d6 2.d4 Nf6 3.Nc3 e5 4.Nf3 Nbd7 5.Bc4 Be7 6.O-O O-O 7.Re1 c6 8.a4 a5 
9.h3 h6 10.Ba2 Re8 11.Be3 Qc7 12.Nh4 Nf8 13.Qf3 Be6 14.Nf5 Ng6 15.Qg3 Nh5 
16.Qg4 Nf6 17.Qg3 Nh5 18.Qg4 Nf6 19.Qg3 Nh5 1/2-1/2

[Event "POL-chT2"]
[Site "Jastrzebia Gora POL"]
[Date "2016.09.??"]
[Round "5.3"]
[White "Sabuk, Piotr"]
[Black "Weichhold, Pawel"]
[Result "1-0"]
[WhiteElo "2333"]
[BlackElo "2415"]
[EventDate "2016.09.05"]

1.d4 Nf6 2.c4 g6 3.g3 Bg7 4.Bg2 d6 5.Nc3 O-O 6.Nf3 Nc6 7.O-O Bf5 8.d5 Na5 
9.Nd2 c5 10.e4 Bd7 11.Qc2 a6 12.a4 Rb8 13.b3 e5 14.Bb2 Bh6 15.Ra3 Nh5 16.
Ne2 b6 17.Kh1 Qc8 18.Nf3 f5 19.exf5 Bxf5 20.Qd1 Bh3 21.Bc1 Bxc1 22.Qxc1 
Rxf3 23.Bxf3 Qf5 24.Ng1 Bxf1 25.Qxf1 Nf6 26.Qh3 Re8 27.Qxf5 gxf5 28.Bd1 
Ne4 29.Kg2 Nc3 30.Bc2 e4 31.Ra1 Kf7 32.Nh3 Ne2 33.Bd1 f4 34.gxf4 Rg8+ 35.
Ng5+ Kf6 36.Bxe2 h6 37.h4 hxg5 38.hxg5+ Kf5 39.Kg3 Rh8 40.Bd1 1-0

[Event "POL-chT2"]
[Site "Jastrzebia Gora POL"]
[Date "2016.09.??"]
[Round "5.4"]
[White "Gazik, Viktor"]
[Black "Dlugosz, Jedrzej"]
[Result "1-0"]
[WhiteElo "2431"]
[BlackElo "2363"]
[EventDate "2016.09.05"]

1.f4 d6 2.Nf3 g6 3.g3 Bg7 4.Bg2 e5 5.d3 Ne7 6.O-O O-O 7.c3 c5 8.e4 Nbc6 9.
a3 exf4 10.Bxf4 d5 11.Nbd2 h6 12.Qc2 Be6 13.Rad1 Rc8 14.Kh1 Qa5 15.Bd6 
Rfd8 16.exd5 Bxd5 17.Nc4 Bxc4 18.dxc4 Nf5 19.Bf4 Rxd1 20.Rxd1 Rd8 21.g4 
Nfe7 22.h4 Qb6 23.Re1 Nc8 24.h5 Na5 25.hxg6 fxg6 26.Ne5 Ne7 27.b4 Qf6 28.
Bg3 Nac6 29.Nxc6 bxc6 30.bxc5 Qg5 31.Qe4 Bf6 32.Bd6 Nc8 33.Bc7 Rf8 34.Rf1 
Ne7 35.Bd6 Rf7 36.Kg1 Bxc3 37.Qe6 Bd4+ 38.Kh2 Bf6 39.Rxf6 Qh4+ 40.Kg1 Qxf6
41.Qxf6 Rxf6 42.Bxe7 Rf4 43.Bxc6 Rxg4+ 44.Kf2 Kf7 45.Bd6 Ke6 46.Bd5+ Kd7 
47.Bg3 1-0

[Event "POL-chT2"]
[Site "Jastrzebia Gora POL"]
[Date "2016.09.??"]
[Round "5.5"]
[White "Kanicki, Krzysztof"]
[Black "Gmaj, Krzysztof"]
[Result "1/2-1/2"]
[WhiteElo "2172"]
[BlackElo "2183"]
[EventDate "2016.09.05"]

1.e4 e5 2.Nf3 Nc6 3.Bb5 Bc5 4.c3 Qf6 5.O-O Nge7 6.d4 exd4 7.Bg5 Qg6 8.Bxe7
Nxe7 9.cxd4 Bb6 10.Nc3 O-O 11.Bd3 Qh5 12.Qd2 d6 13.Na4 Bg4 14.Be2 Qa5 15.
Nxb6 axb6 16.Rfd1 Qxd2 17.Rxd2 c6 18.a3 d5 19.Ne5 Bxe2 20.Rxe2 dxe4 21.
Rxe4 Nd5 22.Rae1 Rfe8 23.g3 f6 24.Nf3 Kf7 25.h4 Rxe4 26.Rxe4 Re8 27.Rxe8 
Kxe8 28.Kf1 Ke7 29.Ke2 Ke6 30.Nd2 b5 31.Ne4 b6 32.b4 h6 33.Kd3 g6 34.f3 f5
35.Nc3 Nxc3 36.Kxc3 g5 37.h5 Kd5 38.Kd3 Kd6 39.Kd2 Kd5 40.Kd3 Kd6 41.Kd2 
Kd5 42.Kd3 Kd6 1/2-1/2

[Event "POL-chT2"]
[Site "Jastrzebia Gora POL"]
[Date "2016.09.??"]
[Round "5.6"]
[White "Gazikova, Veronika"]
[Black "Poznanska, Katarzyna"]
[Result "1/2-1/2"]
[WhiteElo "2231"]
[BlackElo "2106"]
[EventDate "2016.09.05"]

1.e4 c5 2.Nf3 e6 3.d4 cxd4 4.Nxd4 a6 5.Bd3 Qc7 6.Nc3 Nf6 7.f4 d6 8.Qf3 
Nbd7 9.Be3 b5 10.a3 Bb7 11.O-O Be7 12.Rae1 h5 13.h3 h4 14.f5 e5 15.Nb3 Nh5
16.Rf2 Ndf6 17.Nd2 Ng3 18.Nf1 Nxf1 19.Bxf1 Bc6 20.Rd2 Rd8 21.Nd5 Bxd5 22.
exd5 Qb7 23.b3 Rc8 24.Bf2 Bd8 25.Qe3 Nd7 26.Qe4 Bb6 27.c4 Bxf2+ 28.Rxf2 b4
29.axb4 Qxb4 30.Rb1 Nf6 31.Qe3 Rc5 32.Ra2 Ra5 33.Rxa5 Qxa5 34.b4 Qa2 35.
Rb3 O-O 36.Ra3 Qb1 37.Qb6 Ne4 38.Rxa6 Ng3 39.Qf2 Qxb4 40.f6 g6 41.Rb6 Qa3 
42.Rb1 Rc8 43.Qd2 Qc5+ 44.Kh2 Nf5 45.Rb3 e4 46.Rb2 Ra8 47.Qf4 Qe3 48.Qxe3 
Nxe3 49.Be2 Rc8 50.Rb6 Nf5 51.Kg1 Kh7 52.Rb7 Kg8 1/2-1/2

[Event "POL-chT2"]
[Site "Jastrzebia Gora POL"]
[Date "2016.09.??"]
[Round "5.7"]
[White "Szwed, Jacek"]
[Black "Ponizil, Cyril"]
[Result "1-0"]
[WhiteElo "2330"]
[BlackElo "2462"]
[EventDate "2016.09.05"]

1.e4 c5 2.Nf3 Nc6 3.Nc3 e6 4.d4 cxd4 5.Nxd4 a6 6.g3 d6 7.Bg2 Bd7 8.O-O Nf6
9.a4 Be7 10.Nb3 Na5 11.Nxa5 Qxa5 12.Bf4 Bc6 13.Bxd6 Rd8 14.b4 Qg5 15.h4 
Qg6 16.e5 Bxg2 17.Kxg2 Bxd6 18.exd6 Ne4 19.h5 Qf5 20.Qd4 Nxd6 21.Qxg7 Ke7 
22.Rad1 Rhg8 23.Qd4 Rg5 24.Rfe1 f6 25.Nd5+ Kf7 26.Ne3 Qe5 27.f4 Rxg3+ 28.
Kxg3 Qxh5 29.Rh1 Nf5+ 30.Kf2 Rxd4 31.Rxh5 Rxf4+ 32.Kg1 Nxe3 33.Rd7+ Kg6 
34.Rhxh7 b6 35.Rb7 f5 36.Rhg7+ Kf6 37.Rgf7+ Kg5 38.Rxb6 Rf1+ 39.Kh2 e5 40.
b5 axb5 41.axb5 e4 42.Rc6 Ng4+ 43.Kg2 Ne3+ 44.Kh2 Ng4+ 45.Kg2 Rf2+ 46.Kg1 
Rd2 47.Rc5 Rd1+ 48.Kg2 Ne3+ 49.Kf2 Kf4 50.b6 Rf1+ 51.Ke2 Rh1 52.b7 Rh8 53.
Rc8 Rh2+ 54.Ke1 Kf3 55.Rxf5+ Nxf5 56.b8=Q Re2+ 57.Kd1 e3 58.Rf8 1-0

[Event "POL-chT2"]
[Site "Jastrzebia Gora POL"]
[Date "2016.09.??"]
[Round "5.8"]
[White "Piesik, Piotr"]
[Black "Adamowicz, Katarzyna"]
[Result "1-0"]
[WhiteElo "2278"]
[BlackElo "2167"]
[EventDate "2016.09.05"]

1.Nf3 Nf6 2.g3 g6 3.Bg2 Bg7 4.O-O O-O 5.d3 d5 6.Nbd2 Nbd7 7.e4 dxe4 8.dxe4
e5 9.Qe2 b6 10.b4 Qe7 11.Rb1 a5 12.b5 Nc5 13.Ba3 Bb7 14.Ne1 Nfd7 15.Nb3 
Qe6 16.Nxc5 Nxc5 17.Bxc5 bxc5 18.Nd3 Qxa2 19.Nxc5 Bc8 20.Ra1 Qb2 21.Qc4 
Rd8 22.Na4 Qd4 23.Qxc7 Be6 24.c3 Qd3 25.Nb6 Rab8 26.Rxa5 Bf8 27.Rfa1 Qe2 
28.Rf1 Qd3 29.h4 h5 30.Re1 Qd2 31.Re3 Qb2 32.Rf3 Rd1+ 33.Kh2 Bd6 34.Qc6 
Qe2 35.Rf6 Qe1 36.Rxe6 fxe6 37.Qd7 Bf8 38.Qxe6+ Kh7 39.Ra7+ Bg7 40.Qf7 Rg8
41.Nd5 Rxd5 42.exd5 1-0

[Event "POL-chT2"]
[Site "Jastrzebia Gora POL"]
[Date "2016.09.??"]
[Round "5.9"]
[White "Lach, Piotr"]
[Black "Flis, Jacek"]
[Result "1/2-1/2"]
[WhiteElo "2128"]
[BlackElo "2262"]
[EventDate "2016.09.05"]

1.e4 c5 2.Nf3 e6 3.d4 cxd4 4.Nxd4 Nc6 5.Nb5 d6 6.Bf4 e5 7.Be3 Nf6 8.Bg5 a6
9.N5c3 Be7 10.Bxf6 Bxf6 11.Nd2 Be6 12.Nc4 Bxc4 13.Bxc4 O-O 14.O-O Rc8 15.
Nd5 Nd4 16.Bd3 Ne6 17.c3 Nf4 18.Bc2 Nxd5 19.Qxd5 Qb6 20.Bb3 Rc5 21.Qd2 g6 
22.Rad1 Be7 23.Qh6 Qd8 24.Rd3 Bg5 25.Qh3 Kg7 26.Rfd1 Be7 27.Qe3 Qc7 28.Bd5
a5 29.b4 axb4 30.cxb4 Rc2 31.Bb3 Rc6 32.Bd5 Rc2 33.Bb3 Rc6 34.Bd5 Rc2 
1/2-1/2

[Event "POL-chT2"]
[Site "Jastrzebia Gora POL"]
[Date "2016.09.??"]
[Round "5.10"]
[White "Paszewski, Mateusz"]
[Black "Watorek, Marcin"]
[Result "1-0"]
[WhiteElo "2293"]
[BlackElo "2130"]
[EventDate "2016.09.05"]

1.c4 Nf6 2.g3 c6 3.Nf3 d5 4.b3 Bg4 5.Bg2 Nbd7 6.Bb2 e6 7.O-O Bd6 8.d3 O-O 
9.Nc3 Qe7 10.h3 Bxf3 11.Bxf3 d4 12.Ne4 Nxe4 13.Bxe4 f5 14.Bg2 e5 15.Bc1 
Rae8 16.Rb1 Nf6 17.b4 e4 18.Bg5 h6 19.Bxf6 Qxf6 20.c5 Bb8 21.dxe4 fxe4 22.
Rb3 Qe5 23.f4 exf3 24.Rbxf3 Rxf3 25.Rxf3 Qxe2 26.Qxd4 h5 27.Qd7 Qe7 28.Qf5
h4 29.Bf1 Qe5 30.Qf7+ Kh8 31.Bd3 Qe1+ 32.Kg2 Re2+ 33.Bxe2 Qxe2+ 34.Rf2 
Qe4+ 35.Qf3 Qe5 36.Qf8+ Kh7 37.Qf5+ Qxf5 38.Rxf5 Kg6 39.g4 Bg3 40.Kf1 a5 
41.bxa5 Bc7 42.a6 bxa6 43.Rf8 1-0

[Event "POL-chT2"]
[Site "Jastrzebia Gora POL"]
[Date "2016.09.??"]
[Round "5.11"]
[White "Kudas, Damian"]
[Black "Tomaszewski, Roman"]
[Result "1/2-1/2"]
[WhiteElo "2120"]
[BlackElo "2315"]
[EventDate "2016.09.05"]

1.d4 Nf6 2.c4 g6 3.Nc3 d5 4.Nf3 Bg7 5.Qb3 dxc4 6.Qxc4 O-O 7.e4 c6 8.Be2 
Nfd7 9.O-O Nb6 10.Qd3 Bg4 11.Be3 N8d7 12.Rfd1 e6 13.h3 Bxf3 14.Bxf3 f5 15.
Bf4 e5 16.dxe5 Nxe5 17.Bxe5 Qxd3 18.Rxd3 Bxe5 19.exf5 Rxf5 20.Bg4 Rff8 21.
Re1 Bf6 22.b3 Bxc3 23.Rxc3 Rfe8 24.Rce3 Rxe3 25.Rxe3 Kf8 26.Rf3+ Ke7 27.
Re3+ Kf6 28.Rf3+ Ke7 29.Re3+ Kf6 30.Rf3+ Ke7 31.Re3+ Kf6 32.Rf3+ Ke7 33.
Re3+ Kf6 1/2-1/2

[Event "POL-chT2"]
[Site "Jastrzebia Gora POL"]
[Date "2016.09.??"]
[Round "5.12"]
[White "Lach, Aleksandra"]
[Black "Chrzaszcz, Malvina"]
[Result "0-1"]
[WhiteElo "2163"]
[BlackElo "2039"]
[EventDate "2016.09.05"]

1.c4 c5 2.Nf3 Nc6 3.d4 cxd4 4.Nxd4 g6 5.e4 Bg7 6.Be3 Nf6 7.Nc3 d6 8.Be2 
O-O 9.Nc2 Be6 10.Rc1 Ne5 11.b3 Nfg4 12.Bd4 Bh6 13.h3 Nf6 14.Be3 Bxe3 15.
Nxe3 Qa5 16.O-O Rac8 17.Ned5 Bxd5 18.exd5 a6 19.a4 Qc5 20.g4 Nfd7 21.Kg2 
f5 22.f4 fxg4 23.Bxg4 Nxg4 24.hxg4 g5 25.Qe2 gxf4 26.Qe6+ Kh8 27.Rf3 Ne5 
28.Rh3 f3+ 29.Kf1 Qe3 30.Qh6 Qd3+ 31.Kg1 f2+ 0-1

[Event "POL-chT2"]
[Site "Jastrzebia Gora POL"]
[Date "2016.09.??"]
[Round "5.13"]
[White "Praszak, Michal"]
[Black "Kolago, Marcin"]
[Result "0-1"]
[WhiteElo "2140"]
[BlackElo "2328"]
[EventDate "2016.09.05"]

1.d4 g6 2.c4 Bg7 3.e4 d6 4.h3 Nc6 5.Nf3 e5 6.d5 Nd4 7.Be3 Nxf3+ 8.Qxf3 f5 
9.Nc3 fxe4 10.Nxe4 Nf6 11.Bd3 O-O 12.Nxf6+ Bxf6 13.Qe2 Bg5 14.g3 Bxe3 15.
Qxe3 Qf6 16.Be4 b6 17.Rc1 Bf5 18.Bg2 Bd3 19.Rc3 e4 20.h4 Rae8 21.Rg1 Qe5 
22.Kd1 b5 23.cxb5 Qxd5 24.b3 Bxb5+ 25.Kc1 Bd3 26.Rd1 Qa5 27.Kb2 Qe5 28.Rd2
c5 29.f4 Qg7 30.Bh3 c4 31.Bg4 Re7 32.Rd1 Kh8 33.Rc1 d5 34.Qc5 d4 35.Rxc4 
Bxc4 36.Rxc4 d3+ 37.Ka3 e3 38.Qb4 e2 39.Rc1 Rd8 40.Qd2 Qd4 41.h5 gxh5 42.
Bf5 e1=Q 43.Rxe1 Rxe1 44.Qc1 0-1

[Event "POL-chT2"]
[Site "Jastrzebia Gora POL"]
[Date "2016.09.??"]
[Round "5.14"]
[White "Wiewiora, Eneasz"]
[Black "Stoma, Pawel"]
[Result "0-1"]
[WhiteElo "2253"]
[BlackElo "2346"]
[EventDate "2016.09.05"]

1.Nf3 d5 2.c4 c6 3.d4 Nf6 4.e3 a6 5.Bd3 Bg4 6.Nbd2 e6 7.O-O Nbd7 8.Qc2 
dxc4 9.Bxc4 c5 10.Ne5 Qc7 11.Nxg4 Nxg4 12.g3 cxd4 13.exd4 Rc8 14.Qe4 Ngf6 
15.Qe2 Be7 16.Bb3 Nb6 17.Nf3 Nbd5 18.Bd2 O-O 19.Rfe1 Qb6 20.Rac1 h6 21.Rc4
Bd6 22.Rec1 Rxc4 23.Rxc4 Qb5 24.Ne5 Nb6 25.Bc3 Nxc4 26.Bxc4 Qe8 27.Qf3 Qe7
28.a3 Rc8 29.Ba2 b5 30.g4 Qc7 31.h4 Nh7 32.Qe4 Bxe5 33.dxe5 Qd8 34.Bb1 Nf8
35.h5 Qd1+ 36.Kg2 Rc4 0-1

[Event "POL-chT2"]
[Site "Jastrzebia Gora POL"]
[Date "2016.09.??"]
[Round "5.15"]
[White "Lobejko, Rafal"]
[Black "Mulet, Piotr"]
[Result "1/2-1/2"]
[WhiteElo "2341"]
[BlackElo "2234"]
[EventDate "2016.09.05"]

1.e4 e5 2.Bc4 Nc6 3.Nc3 Nf6 4.d3 Bc5 5.Be3 d6 6.Bxc5 dxc5 7.Bb5 Bd7 8.Nf3 
Qe7 9.Bxc6 Bxc6 10.Qe2 O-O-O 11.Nd2 g6 12.Nc4 b6 13.Ne3 Kb8 14.a4 a5 15.g4
h5 16.g5 Nd7 17.Rg1 Nf8 18.Ncd5 Qd7 19.Qf3 Ne6 20.Qg3 Nd4 21.Nf6 Qe6 22.h4
Bb7 23.b3 Ba6 24.Rd1 Nxc2+ 25.Nxc2 Qxb3 26.Qxe5 Qxc2 27.Nd5 Rc8 28.Nxc7 
Kb7 29.Nb5 Bxb5 30.axb5 Qa2 31.Rg3 Rhe8 32.Qc3 Rcd8 33.Qf6 Qe6 34.Rf3 Qxf6
35.Rxf6 Re7 36.Ke2 Kc7 37.Rc6+ Kb7 38.Rf6 Kc7 39.Rc6+ Kb7 40.Rf6 Kc7 41.
Rh1 1/2-1/2